Tác dụng kiểm soát ngập của đê biển trong điều kiện nước biển dâng đến vùng rừng ngập mặn cần giờ bằng mô hình toán 2 chiều

Enregistré dans:
Détails bibliographiques
Auteur principal: Triệu, Ánh Ngọc
Format: Livre
Langue:Undetermined
Sujets:
Accès en ligne:http://lrc.tdmu.edu.vn/opac/search/detail.asp?aID=2&ID=35739
Tags: Ajouter un tag
Pas de tags, Soyez le premier à ajouter un tag!
Thư viện lưu trữ: Trung tâm Học liệu Trường Đại học Thủ Dầu Một
LEADER 00781nam a2200145Ia 4500
001 TDMU_35739
008 210410s9999 xx 000 0 und d
082 |a 895.92234 
100 |a Triệu, Ánh Ngọc 
245 0 |a Tác dụng kiểm soát ngập của đê biển trong điều kiện nước biển dâng đến vùng rừng ngập mặn cần giờ bằng mô hình toán 2 chiều 
245 0 |c Triệu Ánh Ngọc 
300 |a Tr.129-135 
650 |a Môi trường; Thủy triều; Nước biển dâng; Rừng ngập mặn; Cần Giờ; Lũ thượng nguồn 
856 |u http://lrc.tdmu.edu.vn/opac/search/detail.asp?aID=2&ID=35739 
980 |a Trung tâm Học liệu Trường Đại học Thủ Dầu Một